00761nam a22002057a 450000500170000001000150001702000270003203500130005903700130007208200170008510000260010224501010012826000260022927000410025530000450029650000530034194200310039499900190042595201110044420160712103434.0 aENG-115379 a9789380574608c1500.00 aEN-98911 bDBAD/PUB a726.14509543 aAdhikari,Swati Mondal aSome paramara temples from Madhya Pradesh :ba case study of viilage un /cSwati Mondal Adhikari aDelhibBookwellc2014 a3/79,Nirankari ColonybDelhie110009 a158p. :bill.(map and figures)c27cm(Hb) aIncludes glossary and bibliographical references 2ddccENh726.14509543mADH c101172d101172 001040718NFICaDBADbBNd2016-07-12g1500.00l0o726.14509543 ADHpEN-98911r2016-07-12 00:00:00t1yEN